| 000 | 00964nam a22002417a 4500 | ||
|---|---|---|---|
| 999 |
_c13318 _d13318 |
||
| 003 | AR-CdUCM | ||
| 008 | 190411b ||||| |||| 00| 0 spa d | ||
| 040 |
_aMUNICIPALIDAD PROVINCIAL DEL CUSCO _cBIBLIOTECA MUNICIPAL DEL CUSCO |
||
| 082 |
_aC / 894 / _bM36 |
||
| 100 |
_aMedina, E. Diez de _931677 |
||
| 245 | _aPor los derechos de bolivia / | ||
| 260 |
_aBolivia : _bImprenta Armo hermanos, _c1933. |
||
| 300 |
_a124 paginas ; _c22 cm. |
||
| 500 | _aDedicatoria | ||
| 505 | _aContenido : Conferencia sobre la cuestión del Chaco -- El Uti Possidetis de 1810 -- El derecho de libre transito y la neutralidad -- El tratado de 1904 y la neutralidad de Chile -- El libre transito o el desahucio del tratado de 1901... | ||
| 650 |
_aBolivia _91138 |
||
| 650 |
_aDerecho de Bolivia _931678 |
||
| 650 |
_aChile _91150 |
||
| 650 |
_aTratados _93362 |
||
| 710 |
_aCentro de Propaganda y Defensa Nacional _931679 |
||
| 942 |
_2ddc _cLIBROS |
||
| 945 |
_awnts _d2019-04-11 |
||